| 000 | 00523nam a2200193Ia 4500 | ||
|---|---|---|---|
| 999 |
_c36585 _d36585 |
||
| 003 | OSt | ||
| 005 | 20201214094346.0 | ||
| 008 | 190216s9999||||xx |||||||||||||| ||und|| | ||
| 020 | _a9788171816866 | ||
| 040 | _coclc | ||
| 082 |
_a523.4 _bLEA/P |
||
| 100 |
_aLearners Press _97408 |
||
| 245 | 0 |
_aPlanets And Satellites / _cLearners Press |
|
| 250 | _a1st Ed. | ||
| 260 |
_bLearners Press Pvt Ltd, _c2000. |
||
| 300 | _a32p | ||
| 650 | _aUniverse | ||
| 942 |
_cREF _2ddc _h523.4 _iLEA/P _k523.4 _mLEA/P |
||